| 000 | 00343nam a22001457a 4500 | ||
|---|---|---|---|
| 999 |
_c11196 _d11196 |
||
| 003 | OSt | ||
| 008 | 220511b ||||| |||| 00| 0 eng d | ||
| 020 | _a978-93-80931-91-3 | ||
| 100 | _aHAN,Jiawei | ||
| 245 | _aData Mining concepts and Techniques | ||
| 250 | _a3th | ||
| 260 |
_aNew Delhi _bElsevier _c2021 |
||
| 300 | _a703 | ||
| 942 |
_2ddc _cBK |
||